Research methods methodologies in education / (Record no. 29373)
[ view plain ]
| 000 -LEADER | |
|---|---|
| fixed length control field | 01277nam a2200313 i 4500 |
| 003 - CONTROL NUMBER IDENTIFIER | |
| control field | CSPC |
| 005 - DATE AND TIME OF LATEST TRANSACTION | |
| control field | 20250331102322.0 |
| 007 - PHYSICAL DESCRIPTION FIXED FIELD--GENERAL INFORMATION | |
| fixed length control field | ta |
| 008 - FIXED-LENGTH DATA ELEMENTS--GENERAL INFORMATION | |
| fixed length control field | 250331s2021 uk a b 001 0 eng d |
| 020 ## - INTERNATIONAL STANDARD BOOK NUMBER | |
| International Standard Book Number | 9781529729627 |
| 040 ## - CATALOGING SOURCE | |
| Original cataloging agency | CSPC |
| Language of cataloging | eng |
| Transcribing agency | CSPC |
| Description conventions | rda |
| 082 04 - DEWEY DECIMAL CLASSIFICATION NUMBER | |
| Edition number | 23 |
| Classification number | 001.42 |
| Item number | R311 |
| 245 10 - TITLE STATEMENT | |
| Title | Research methods methodologies in education / |
| Statement of responsibility, etc. | edited by, Robert Coe, [and 3 others]. |
| 250 ## - EDITION STATEMENT | |
| Edition statement | 3rd edition. |
| 264 #1 - PRODUCTION, PUBLICATION, DISTRIBUTION, MANUFACTURE, AND COPYRIGHT NOTICE | |
| Place of production, publication, distribution, manufacture | London : |
| Name of producer, publisher, distributor, manufacturer | Sage Publications Ltd, |
| Date of production, publication, distribution, manufacture, or copyright notice | 2021. |
| 300 ## - PHYSICAL DESCRIPTION | |
| Extent | xxx, 428 pages : |
| Other physical details | illustrations ; |
| Dimensions | 23 cm. |
| 336 ## - CONTENT TYPE | |
| Source | rdacontent |
| Content type term | text |
| 337 ## - MEDIA TYPE | |
| Source | rdamedia |
| Media type term | unmediated |
| 338 ## - CARRIER TYPE | |
| Source | rdacarrier |
| Carrier type term | volume |
| 504 ## - BIBLIOGRAPHY, ETC. NOTE | |
| Bibliography, etc. note | Includes bibliographical references and index. |
| 505 0# - FORMATTED CONTENTS NOTE | |
| Formatted contents note | Introduction to research methods and methodologies in education -- Basic principles and practice in conducting research -- Research designs -- Data collection tools -- Analysis methods. |
| 650 #0 - SUBJECT ADDED ENTRY--TOPICAL TERM | |
| Topical term or geographic name entry element | Education |
| General subdivision | research methodology. |
| 650 #0 - SUBJECT ADDED ENTRY--TOPICAL TERM | |
| Topical term or geographic name entry element | Education |
| General subdivision | research. |
| 700 1# - ADDED ENTRY--PERSONAL NAME | |
| Personal name | Waring, Michael, |
| Relator term | editor. |
| 700 1# - ADDED ENTRY--PERSONAL NAME | |
| Personal name | Hedges, Larry V., |
| Relator term | editor. |
| 700 1# - ADDED ENTRY--PERSONAL NAME | |
| Personal name | Ashley, Laura Day, |
| Relator term | editor. |
| 942 ## - ADDED ENTRY ELEMENTS (KOHA) | |
| Source of classification or shelving scheme | Dewey Decimal Classification |
| Suppress in OPAC | No |
| Koha item type | Books |
| Edition | 23 |
| Classification part | 001.42 |
| Item part | R311 |
| Call number prefix | CIR |
| Call number suffix | 2021 |
| Withdrawn status | Lost status | Source of classification or shelving scheme | Damaged status | Not for loan | Home library | Current library | Shelving location | Date acquired | Total Checkouts | Full call number | Barcode | Date last seen | Copy number | Price effective from | Koha item type |
|---|---|---|---|---|---|---|---|---|---|---|---|---|---|---|---|
| Dewey Decimal Classification | Buhi Campus | Buhi Campus | Circulation Section | 03/11/2025 | CIR 001.42 R311 2021 | 001624-BUH | 03/31/2025 | 1-1 | 03/11/2025 | Books |